01262naa a2200193 a 450000100080000000500110000800800410001910000110006024501120007126000090018350000200019252006930021265300100090565300150091565300150093065300160094565300200096177300870098110780142011-07-05 2002 bl uuuu u00u1 u #d1 aEpagri aDin??mica da popula????o do Sul de Santa Catarina entre os censos demogr??ficos de 1970, 1980, 1991 e 2000. c2002 aISSN, 1413-8131 aO presente trabalho avaliou a din??mica da popula????o nos munic??pios e nas associa????es de munic??pios que comp??em a Mesorregi??o Sul Catarinense entre os censos demogr??ficos realizados de 1970 a 2000. Os dados foram avaliados considerando a popula????o total, a popula????o rural e a popula????o urbana; bem como, por faixa et??ria de ambas, mas nesse ??ltimo caso, somente entre os censos de 1970 a 1991. Foram identificados munic??pios que apresentaram expans??o populacional e outros com redu????o sucessiva no n??mero de habitantes. J?? a an??lise da din??mica da popula????o por faixa et??ria apontou que a migra????o mais intensa ocorreu no segmento mais jovem da popula????o. aCenso ademografia aMigra????o aPopula????o aSul catarinense tRevista de tecnologia e ambiente UNESC, Crici??ma, SCgv. 8, n. 2, p. 21-33, 2002.